BIBLIOTECA

SENCICO

Ejercicios básicos de topografía / (Registro nro. 514)

Detalles MARC
000 -LEADER
fixed length control field 01448nam a2200277Ia 4500
003 - CONTROL NUMBER IDENTIFIER
control field PE SENCICO BE
005 - DATE AND TIME OF LATEST TRANSACTION
control field 20251020182440.0
008 - FIXED-LENGTH DATA ELEMENTS--GENERAL INFORMATION
fixed length control field 200515s9999 xx 000 0 und d
020 ## - INTERNATIONAL STANDARD BOOK NUMBER
International Standard Book Number 978-958-774-314-2
040 ## - CATALOGING SOURCE
Original cataloging agency PE SENCICO BE
Transcribing agency PE SENCICO BE
041 ## - LANGUAGE CODE
Language code of text/sound track or separate title spa
082 ## - DEWEY DECIMAL CLASSIFICATION NUMBER
Classification number 526.9
Item number R41
100 1# - MAIN ENTRY--PERSONAL NAME
Personal name Rengifo Barberi, José Ignacio
9 (RLIN) 115
Relator term autor
245 10 - TITLE STATEMENT
Title Ejercicios básicos de topografía /
Statement of responsibility, etc. José Ignacio Rengifo Barberi, Mario Moreno
250 ## - EDITION STATEMENT
Edition statement 1a ed.
260 ## - PUBLICATION, DISTRIBUTION, ETC.
Place of publication, distribution, etc. Bogotá:
Name of publisher, distributor, etc. Universidad de los Andes:
-- Ediciones Uniandes,
Date of publication, distribution, etc. 2016
300 ## - PHYSICAL DESCRIPTION
Extent 463 p.:
Other physical details diagramas, tablas ;
Dimensions 24 cm.
505 0# - FORMATTED CONTENTS NOTE
Formatted contents note Problemas de errores -- Problemas de poligonales -- Problemas de nivelación -- Problemas de taquimetría -- Problemas de curvatura y refracción -- Problemas de volúmenes -- Problemas de curvas horizontales -- Problema de curvas verticales -- Problemas de fotogrametría vertical -- Problemas de posicionamiento global -- Problemas adicionales
520 3# - SUMMARY, ETC.
Summary, etc. Pretende mostrar soluciones a los diferentes problemas relacionados con levantamientos topográficos para diversos proyectos de ingeniería civil y ambiental.
650 10 - SUBJECT ADDED ENTRY--TOPICAL TERM
Topical term or geographic name entry element Topografía
9 (RLIN) 4
650 20 - SUBJECT ADDED ENTRY--TOPICAL TERM
Topical term or geographic name entry element Levantamiento topográfico
9 (RLIN) 116
650 20 - SUBJECT ADDED ENTRY--TOPICAL TERM
Topical term or geographic name entry element Fotogrametría
9 (RLIN) 120
700 1# - ADDED ENTRY--PERSONAL NAME
9 (RLIN) 117
Personal name Moreno, Mario
Relator term autor
710 1# - ADDED ENTRY--CORPORATE NAME
9 (RLIN) 118
Corporate name or jurisdiction name as entry element Universidad de los Andes (Bogotá)
Subordinate unit Facultad de Ingeniería.
-- Departamento de Ingeniería Civil y Ambiental
942 ## - ADDED ENTRY ELEMENTS (KOHA)
Koha item type Libros
Source of classification or shelving scheme Dewey Decimal Classification
Existencias
Fecha de la última vez que lo usaron Número de ingreso o de inventario Pago total Signatura topográfica completa Código de barras Precio efectivo desde Tipo de documento Estado perdido Sistema de clasificación Estado dañado No es para préstamo Retirado Ubicación permanente Ubicación actual Fecha de adquisición Número de ejemplar
15/05/2020 16247   526.9/R41 BibLima25070064 15/05/2020 Libros   Dewey Decimal Classification       Biblioteca Central Lima Biblioteca Central Lima 15/05/2020  
28/11/2022 16542   526.9/R41/ej. 2 BibLima25070070 20/10/2025 Libros   Dewey Decimal Classification       Biblioteca Central Lima Biblioteca Central Lima 28/11/2022 2